000 00511cam a2200145 4500500
005 20251228090739.0
041 _afre
042 _adc
100 1 0 _aDaudin, Claire
_eauthor
245 0 0 _aPour en finir avec le « grand poète catholique »
260 _c2015.
500 _a9
786 0 _nBulletin de l’Amitié Charles Péguy | 152 | 4 | 2015-04-11 | p. 313-322 | 0180-8567
856 4 1 _uhttps://shs.cairn.info/revue-bulletin-de-lamitie-charles-peguy-2015-4-page-313?lang=fr&redirect-ssocas=7080
999 _c1602648
_d1602648